000 00930nam a2200241 a 4500
001 39808
003 BD-RjUL
005 20230806151129.0
008 160418m20201993bg a||| b||| 00| 0 ben d
020 _a9789848793923
_c: Tk. 500.00
035 _a(BD-RjUL)39921
040 _aBD-RjUL
_bben
_cBD-RjUL
041 _aben
082 _223
_a398.5492
_bISF 2020
100 _aইসলাম, মযহারুল
_9122626
245 1 0 _aফোকলোর পরিচিতি ও পঠন-পাঠন /
_cমযহারুল ইসলাম
260 _aঢাকা:
_bঅবসর ,
_c১৯৯৩,২০১২ [মুদ্রণ ২০২০]
300 _a৩৩২ পৃ. :
_bচিত্র. ;
_c২২ সেমি.
504 _aগ্রন্থপঞ্জি সংযুক্ত
650 _aফোকলোর
_zবাংলাদেশ
_9118195
650 _aFolklore
_zBangladesh
_9117619
942 _2ddc
_cBK
999 _c39808
_d39808